01050nam a2200241 i 450000100060000000300090000600500170001500700030003200800410003510000330007624502350010925000120034426000640035630000200042050500380044065000260047870000360050470000490054071000530058985200250064299900170066795201240068489148ES-MaACL20230906180103.0t|050105s1962 sp ||||1| spa d1 aLara del Cid, Manuel.97021110aCuestiones de tiro y dirección del fuego : ba resolver por los mandos de las pequeñas unidades de infantería / cteniente coronel Manuel Lara del Cid, comandantes Manuel Carrasco Lanzos, Ignacio Fernández-Miranda y Hevia. a4ª ed. aMadrid : bCompañía Bibliográfica Española, c1962. a2 v. ; c21 cm.8 aContiene: 1. Texto - 2. Láminas 4aTiro militar.91627251 aCarrasco Lanzos, Manuel.9355611 aFernández Miranda y Hevia, Ignacio.9499312 aCompañía Bibliográfica Española.9171207 aES-MaACLjC-25417-18 c89148d89148 00104070aATENEOMbATENEOMcSPALd2008-01-17eSCl0oC-25417-18p1093107r2023-02-23 00:00:00w2023-02-23yMONOGRAFIA